000 00395nam a22001697a 4500
003 MPLRDC
005 20220104114437.0
008 210129b ||||| |||| 00| 0 eng d
082 _a857.63 CKL v.111*
100 _a岑凯伦著
245 _a菖蒲花
_c
250 _a初版
260 _a
_b环球图书杂志出版社
_c1991
300 _b
650 _a
942 _cBK
_o857.63 CKL v.111*
999 _c7517
_d7507